| 000 | 00918nam a22002417a 4500 | ||
|---|---|---|---|
| 005 | 20220221110516.0 | ||
| 008 | 220221s2018 enk |||gr|||| 00| 0 eng d | ||
| 020 | _a9780198729037 | ||
| 040 |
_aCO-BoUCM _bspa _cDeissy Garcia _dDeissy Garcia |
||
| 041 | 0 | _aeng | |
| 100 | 1 |
_9173546 _aCommission, Jeffery |
|
| 245 | 1 | 0 |
_aProcedural issues in international investment arbitration _cJeffery Commission, Rahim Moloo |
| 260 |
_aOxford _bOxford University Press _c2018 |
||
| 300 | _alxxvii, 385 páginas | ||
| 490 | 0 | _aOxford international arbitration series | |
| 504 | _aIncluye referencias bibliográficas | ||
| 650 | 7 |
_aInversiones extranjeras (Derecho internacional) _917958 |
|
| 650 | 7 |
_aInversiones _xLegislación _9173547 |
|
| 650 | 7 |
_aArbitraje comercial internacional _9106184 |
|
| 700 | 1 |
_aMoloo, Rahim _9173548 |
|
| 942 |
_2DEWEY _a8 _cLIBRO _e1 _h346.092 _mC734p _n0 |
||
| 999 |
_c320649 _d320649 |
||